Statistics for Capitals of Canada

Click here to take the quiz!

General Stats

  • This quiz has been taken 41 times
    (22 since last reset)
  • The average score is 11 of 13

Answer Stats

HintAnswer% Correct
AlbertaEdmonton
100%
QuebecQuebec
93%
British ColumbiaVictoria
93%
YukonWhitehorse
93%
Northwest TerritoriesYellowknife
87%
OntarioToronto
80%
ManitobaWinnipeg
80%
Prince Edward IslandCharlottetown
73%
New BrunswickFredericton
73%
Nova ScotiaHalifax
73%
NunavutIqaluit
73%
SaskatchewanRegina
73%
Newfoundland and LabradorSt. John's
73%

Score Distribution

Percentile by Number Answered

Percent of People with Each Score

Your Score History

You have not taken this quiz since the last reset